Gemeinden des Kantons Zürich - Statistiken

Allgemein
  • Dieses Quiz wurde 5.932 mal gespielt
    2.796 seit der letzten Aktualisierung
  • Das Durchschnittsergebnis liegt bei 62 aus 160
Antworten auf der Karte
Die Antworten werden auf der Karte rot bzw. grün angezeigt, abhängig davon wie oft sie richtig erraten wurden.
 
Antwortstatistiken
Einwohner Gemeinde % Korrekt
436'551 Zürich
97%
120’376 Winterthur
93%
36’563 Uster
81%
21’737 Kloten
79%
24’549 Horgen
76%
14’848 Meilen
76%
28’295 Dietikon
75%
24’508 Bülach
72%
32’571 Dübendorf
71%
12’750 Pfäffikon
71%
12’882 Affoltern am Albis
70%
18’513 Thalwil
70%
26’977 Wetzikon
69%
17’756 Illnau-Effretikon
67%
25’704 Wädenswil
67%
15’152 Stäfa
66%
15’168 Küsnacht
64%
20’391 Schlieren
64%
8’027 Dietlikon
62%
5’421 Greifensee
62%
10’620 Wald
60%
17’765 Wallisellen
59%
11’961 Hinwil
58%
19’893 Adliswil
57%
21’554 Opfikon
57%
20’282 Regensdorf
57%
13’584 Zollikon
57%
12’971 Rüti
56%
14’378 Richterswil
55%
19’854 Volketswil
54%
6’780 Herrliberg
53%
12’301 Bassersdorf
52%
1’572 Wil
52%
11’767 Männedorf
51%
10’503 Urdorf
51%
3’681 Andelfingen
50%
5’112 Bauma
50%
4’769 Rafz
50%
8’243 Rümlang
50%
10’884 Maur
49%
7’772 Oberglatt
49%
7’380 Birmensdorf
48%
9’483 Kilchberg
48%
5’750 Eglisau
47%
10’356 Embrach
46%
5’507 Niederglatt
46%
8’815 Egg
45%
9’176 Hombrechtikon
45%
5’150 Oetwil am See
45%
2’573 Oetwil an der Limmat
45%
6’663 Uetikon am See
45%
1’066 Buch am Irchel
44%
6’725 Dielsdorf
44%
7’661 Bubikon
43%
6’406 Rüschlikon
43%
9’637 Fällanden
41%
5’763 Mettmenstetten
41%
9’648 Niederhasli
41%
3’349 Niederweningen
41%
5’250 Schwerzenbach
41%
5’712 Bonstetten
40%
728 Dorf
40%
6’883 Fehraltorf
40%
10’605 Gossau
40%
8’224 Langnau am Albis
40%
5’754 Zumikon
40%
4’286 Bachenbülach
39%
5’438 Glattfelden
39%
7’990 Seuzach
39%
5’300 Turbenthal
39%
5’505 Erlenbach
38%
8’292 Wangen-Brüttisellen
38%
3’951 Hausen am Albis
37%
5’699 Uitikon
37%
589 Berg am Irchel
36%
2’466 Knonau
36%
1’905 Oberweningen
36%
4’310 Mönchaltorf
35%
6’914 Oberengstringen
35%
5’392 Oberrieden
35%
4’150 Pfungen
35%
5’337 Wettswil am Albis
35%
5’175 Elgg
34%
4’345 Unterengstringen
34%
2’666 Fischenthal
33%
3’909 Stallikon
33%
5’765 Neftenbach
32%
6’808 Buchs
31%
8’048 Dürnten
31%
1’494 Flaach
31%
2’238 Kleinandelfingen
31%
1’990 Marthalen
31%
5’961 Obfelden
31%
478 Regensberg
31%
6’798 Wiesendangen
31%
2’113 Wila
31%
3’848 Feuerthalen
30%
5’862 Nürensdorf
30%
1’130 Oberembrach
30%
1’321 Rheinau
30%
1’995 Aeugst am Albis
29%
2’247 Brütten
29%
3’328 Neerach
29%
2’947 Stammheim
29%
1’659 Aesch
28%
5’148 Bäretswil
28%
1’926 Dachsen
28%
4’466 Dällikon
28%
3’886 Grüningen
28%
3’008 Rorbas
28%
1’460 Seegräben
28%
1’104 Trüllikon
28%
4’002 Hedingen
27%
1’382 Kappel am Albis
27%
1’828 Laufen-Uhwiesen
27%
2’924 Otelfingen
27%
2’455 Stadel
27%
3’716 Steinmaur
27%
5’108 Weiningen
27%
3’496 Weisslingen
27%
3’898 Elsau
26%
3’564 Höri
26%
5’871 Lindau
26%
4’634 Russikon
26%
5’086 Winkel
26%
2’372 Freienstein-Teufen
25%
2’343 Henggart
25%
1’094 Hüntwangen
25%
1’412 Schöfflisdorf
25%
678 Bachs
24%
5’312 Geroldswil
24%
3’227 Hettlingen
24%
3’970 Hittnau
24%
2’973 Ottenbach
24%
2’850 Rickenbach
24%
2’123 Weiach
24%
6’809 Zell
24%
1’425 Boppelsen
23%
1’835 Ossingen
23%
2’840 Lufingen
22%
677 Maschwanden
22%
1’180 Rifferswil
22%
458 Truttikon
22%
382 Volken
22%
883 Benken
21%
1’866 Dänikon
21%
1’024 Ellikon an der Thur
21%
785 Schlatt
21%
1’004 Thalheim an der Thur
20%
594 Wasterkingen
20%
868 Schleinikon
19%
2’015 Hochfelden
18%
1’520 Flurlingen
17%
957 Hüttikon
17%
1’013 Wildberg
17%
774 Altikon
16%
1’159 Dägerlen
16%
839 Dättlikon
15%
1’731 Dinhard
15%
1’168 Hagenbuch
13%
Keine übereinstimmenden Quizze gefunden
Verteilung der Resultate
Anzahl Personen mit jedem Resultat
Perzentil nach korrekt beantworteten Fragen
Ihre Resultats-Entwicklung
Sie haben dieses Quiz seit der letzten Aktualisierung nicht gespielt